[Event "CHI-chT"]
[Site "Santiago de Chile"]
[Date "2012.11.22"]
[Round "1"]
[White "Bombardiere Rosas, Eduardo"]
[Black "Caceres Vasquez, Sergio"]
[Result "0-1"]
[WhiteElo "2173"]
[BlackElo "2203"]
[PlyCount "104"]
[EventDate "2012.11.22"]
[EventType "team-tourn"]
[EventRounds "9"]
[EventCountry "CHI"]
[SourceTitle "EXT 2014"]
[Source "ChessBase"]
[SourceDate "2013.11.20"]
[SourceVersion "1"]
[SourceVersionDate "2013.11.20"]
[SourceQuality "1"]

1. Nf3 c5 2. c4 Nc6 3. d4 cxd4 4. Nxd4 e5 5. Nb5 d6 6. N1c3 a6 7. Na3 Nf6 8. e4 Be7 9. Nc2 0-0 10. Be2 Be6 11. 0-0 Rc8 12. f3 Na5 13. b3 b5 14. Nd5 bxc4 15. Nxe7+ Qxe7 16. b4 Nc6 17. Be3 Rfd8 18. Qc1 d5 19. Bc5 Qb7 20. exd5 Nxd5 21. a3 Nc3 22. Qe3 Nxe2+ 23. Qxe2 Nd4 24. Qf2 Nb3 25. Rad1 Rd3 26. Be3 Rcd8 27. Rde1 Nd2 28. Bxd2 Rxd2 29. Qh4 Qb6+ 30. Ne3 c3 31. Kh1 c2 32. Qe4 Qd4 33. Qc6 Bb3 34. h3 Qd3 35. Kh2 Rd1 36. Nxc2 Bxc2 37. Rxe5 Qd6 38. Qxd6 R1xd6 39. Rc1 Bb3 40. Rc3 Be6 41. a4 g6 42. b5 axb5 43. Rxb5 Rd2 44. Ra3 Ra2 45. Rxa2 Bxa2 46. a5 Rd4 47. Kg3 Ra4 48. h4 Kg7 49. h5 Bc4 50. Re5 Be6 51. hxg6 hxg6 52. Kf2 Kf6 0-1

[Event "Santiago de Chile op"]
[Site "Santiago de Chile"]
[Date "2011.09.09"]
[Round "2"]
[White "Bombardiere Rosas, Eduardo"]
[Black "Diaz, Robert"]
[Result "0-1"]
[WhiteElo "2172"]
[BlackElo "2306"]
[PlyCount "80"]
[EventDate "2011.09.07"]
[EventType "swiss"]
[EventRounds "9"]
[EventCountry "CHI"]
[SourceTitle "EXT 2012"]
[Source "ChessBase"]
[SourceDate "2011.11.24"]
[SourceVersion "1"]
[SourceVersionDate "2011.11.24"]
[SourceQuality "1"]

1. c4 Nf6 2. Nc3 g6 3. e3 Bg7 4. d4 d6 5. Nf3 Nbd7 6. Be2 0-0 7. 0-0 e5 8. b3 Re8 9. Bb2 e4 10. Nd2 Nf8 11. Qc2 Bf5 12. d5 a6 13. b4 h5 14. Rfe1 N8h7 15. Nd1 h4 16. Rb1 h3 17. g3 Ng5 18. Bc3 Ng4 19. Bxg4 Bxg4 20. Bxg7 Kxg7 21. Qb2+ Kg8 22. Qd4 Bxd1 23. Rbxd1 Qd7 24. Rf1 Qf5 25. f4 exf3 26. Qf4 Qd3 27. Nxf3 Nxf3+ 28. Qxf3 Qxe3+ 29. Qxe3 Rxe3 30. Rfe1 Rae8 31. Kf2 Rxe1 32. Rxe1 Rxe1 33. Kxe1 Kg7 34. g4 Kf6 35. Kf2 Ke5 36. Kg3 Kd4 37. Kxh3 g5 38. Kg3 Kxc4 39. h4 gxh4+ 40. Kxh4 Kxd5 0-1

[Event "Santiago Endesa 05"]
[Site "Santiago de Chile"]
[Date "2010.06.21"]
[Round "7"]
[White "Bombardiere Rosas, Eduardo"]
[Black "Farfan Ortiz, Enrique Alfredo"]
[Result "0-1"]
[WhiteElo "2185"]
[BlackElo "2172"]
[PlyCount "128"]
[EventDate "2010.06.07"]
[EventType "tourn"]
[EventRounds "11"]
[EventCountry "CHI"]
[SourceTitle "EXT 2012"]
[Source "ChessBase"]
[SourceDate "2011.11.24"]
[SourceVersion "1"]
[SourceVersionDate "2011.11.24"]
[SourceQuality "1"]

1. d4 Nf6 2. Nf3 g6 3. g3 Bg7 4. Bg2 0-0 5. 0-0 d6 6. c4 Nbd7 7. Nc3 e5 8. h3 c6 9. dxe5 dxe5 10. Be3 Qe7 11. Qc1 Nb6 12. b3 e4 13. Nd2 h5 14. Qc2 Bf5 15. Rad1 Rfe8 16. Ndb1 Nbd7 17. Qc1 Nh7 18. Rd2 Nhf8 19. Rfd1 Qe6 20. h4 Nf6 21. Rd6 Qc8 22. Bf4 Ng4 23. e3 Ne6 24. Nd2 Nxf4 25. gxf4 Bf6 26. Ndxe4 Bxh4 27. f3 Bxe4 28. Nxe4 Rxe4 29. fxe4 Bf2+ 30. Kf1 Bxe3 31. Qc3 Bxf4 32. R6d3 Qc7 33. Rd7 Qb6 34. c5 Qb5+ 35. Kg1 Be3+ 36. Kh1 Nf2+ 37. Kh2 Bf4+ 38. Kg1 Nxd1 39. Rxd1 Qe2 40. Re1 Qg4 41. e5 Rd8 42. e6 fxe6 43. Qf6 Rd2 44. Qxe6+ Qxe6 45. Rxe6 Kf7 46. Re4 g5 47. Bf3 Kg6 48. Re7 g4 49. Be4+ Kg5 50. Rxb7 Be3+ 51. Kf1 Bxc5 52. Bxc6 Bb6 53. a4 h4 54. Rg7+ Kf4 55. Bd7 g3 56. Rf7+ Kg5 57. Bc6 h3 58. Rg7+ Kf4 59. Rf7+ Ke5 60. Rg7 g2+ 61. Bxg2 hxg2+ 62. Rxg2 Rxg2 63. Kxg2 Kd5 64. b4 Kc4 0-1

[Event "Santiago Endesa 05"]
[Site "Santiago de Chile"]
[Date "2010.06.18"]
[Round "6"]
[White "Diaz Villagran, Robert"]
[Black "Bombardiere Rosas, Eduardo"]
[Result "1-0"]
[WhiteElo "2330"]
[BlackElo "2185"]
[PlyCount "81"]
[EventDate "2010.06.07"]
[EventType "tourn"]
[EventRounds "11"]
[EventCountry "CHI"]
[SourceTitle "EXT 2012"]
[Source "ChessBase"]
[SourceDate "2011.11.24"]
[SourceVersion "1"]
[SourceVersionDate "2011.11.24"]
[SourceQuality "1"]

1. e4 c6 2. d4 d5 3. f3 Nd7 4. e5 e6 5. f4 c5 6. c3 Ne7 7. Nf3 cxd4 8. cxd4 Nc6 9. Nc3 Bb4 10. Bd3 Qc7 11. 0-0 Bxc3 12. bxc3 Nb6 13. Ng5 g6 14. Ba3 Nd8 15. Qb3 h6 16. Bd6 Qd7 17. Nh3 f5 18. a4 Nc4 19. Bxc4 dxc4 20. Qxc4 b6 21. Qd3 Bb7 22. Rf2 Rc8 23. Qg3 Qf7 24. Rc2 Rc4 25. Rb2 Bc6 26. Qd3 Rxa4 27. Rxa4 Bxa4 28. Qa6 Qd7 29. c4 Bc6 30. Ra2 Rh7 31. Rd2 Qb7 32. Qa2 Be4 33. d5 Rd7 34. Nf2 Kf7 35. Qb3 b5 36. Qh3 Kg7 37. Nxe4 fxe4 38. dxe6 e3 39. Bf8+ Kg8 40. Rxd7 Qe4 41. Qf3 1-0

[Event "Santiago Endesa 05"]
[Site "Santiago de Chile"]
[Date "2010.06.07"]
[Round "1"]
[White "Bombardiere Rosas, Eduardo"]
[Black "Arancibia Guzman, Eduardo"]
[Result "1/2-1/2"]
[WhiteElo "2185"]
[BlackElo "2377"]
[PlyCount "132"]
[EventDate "2010.06.07"]
[EventType "tourn"]
[EventRounds "11"]
[EventCountry "CHI"]
[SourceTitle "EXT 2012"]
[Source "ChessBase"]
[SourceDate "2011.11.24"]
[SourceVersion "1"]
[SourceVersionDate "2011.11.24"]
[SourceQuality "1"]

1. d4 Nf6 2. Nf3 c5 3. e3 g6 4. Be2 Bg7 5. 0-0 0-0 6. c4 cxd4 7. exd4 d5 8. Nc3 Nc6 9. h3 dxc4 10. Bxc4 Na5 11. Be2 Be6 12. b3 Nc6 13. Bb2 Qa5 14. Bc4 Nd5 15. Qe1 Nf4 16. Bxe6 fxe6 17. Qe4 Qf5 18. Qxf5 exf5 19. Rfd1 Rfd8 20. g3 Nd5 21. Ne2 Rac8 22. Rac1 Bh6 23. Rc4 Na5 24. Rxc8 Rxc8 25. Bc1 Bg7 26. Bd2 Rc2 27. Bxa5 Rxe2 28. Bd2 Re4 29. Be1 h6 30. Kf1 g5 31. Rc1 Kf7 32. Rc8 Bf6 33. Bc3 Ke6 34. Bb2 Kd6 35. Nd2 Re6 36. Nc4+ Kd7 37. Rc5 Nb4 38. Rxf5 Nxa2 39. Ra5 Ra6 40. Rxa6 bxa6 41. Ke2 Nb4 42. Bc3 Nd5 43. Kd3 Kc6 44. Bd2 e6 45. Ke4 Kd7 46. g4 Ke7 47. Nb2 Kd6 48. Nd3 Bd8 49. Bb4+ Nxb4 50. Nxb4 a5 51. Nc2 Bf6 52. Ne3 Kc6 53. Kd3 Kb5 54. d5 exd5 55. Nxd5 Bd8 56. f3 a6 57. Ne3 Kb4 58. Kc2 a4 59. bxa4 Kxa4 60. Nf5 Kb4 61. Nxh6 a5 62. Kb2 Kc4 63. Ka3 Kd4 64. Nf7 Bf6 65. Ka4 Ke3 66. Nxg5 Bxg5 1/2-1/2

[Event "Santiago Endesa 01"]
[Site "Santiago de Chile"]
[Date "2010.05.05"]
[Round "2"]
[White "Bombardiere Rosas, Eduardo"]
[Black "Cuevas Araya, Walter"]
[Result "1-0"]
[WhiteElo "2185"]
[BlackElo "2213"]
[PlyCount "92"]
[EventDate "2010.05.03"]
[EventType "tourn"]
[EventRounds "11"]
[EventCountry "CHI"]
[SourceTitle "EXT 2012"]
[Source "ChessBase"]
[SourceDate "2011.11.24"]
[SourceVersion "1"]
[SourceVersionDate "2011.11.24"]
[SourceQuality "1"]

1. d4 Nf6 2. c4 e6 3. Nf3 b6 4. g3 Bb7 5. Bg2 Bb4+ 6. Bd2 Be7 7. Nc3 0-0 8. 0-0 d6 9. Qc2 Nbd7 10. Rad1 Ne8 11. e4 c5 12. Rfe1 cxd4 13. Nxd4 Rc8 14. b3 Rc5 15. Be3 Rc8 16. f4 Qc7 17. f5 e5 18. Ndb5 Qb8 19. Nd5 Bxd5 20. Rxd5 a6 21. Nc3 Nef6 22. Rd3 b5 23. cxb5 axb5 24. Qe2 Nc5 25. Nd5 Nxd5 26. Rxd5 b4 27. g4 Rc7 28. g5 Re8 29. Rf1 Bf8 30. Qg4 Qa8 31. Rd2 Nb7 32. Rf3 Rc1+ 33. Kf2 d5 34. exd5 Bc5 35. f6 e4 36. Rh3 Bxe3+ 37. Rxe3 Nc5 38. fxg7 Qa7 39. Rde2 Nd3+ 40. Kg3 Qc7+ 41. Kh4 Qb8 42. Bxe4 Ne5 43. Qg3 Rc3 44. Qf2 Qc8 45. Bf5 Ng6+ 46. Kg4 Rc4+ 1-0

[Event "Santiago Endesa Interempresas tt-A"]
[Site "Santiago de Chile"]
[Date "2009.09.01"]
[Round "7"]
[White "Bombardiere Rosas, Eduardo"]
[Black "Jorquera Cahuin, Marcelo Joaquin"]
[Result "0-1"]
[WhiteElo "2181"]
[BlackElo "2328"]
[PlyCount "72"]
[EventDate "2009.07.21"]
[EventType "team"]
[EventRounds "13"]
[EventCountry "CHI"]
[SourceTitle "EXT 2012"]
[Source "ChessBase"]
[SourceDate "2011.11.24"]
[SourceVersion "1"]
[SourceVersionDate "2011.11.24"]
[SourceQuality "1"]

1. d4 Nf6 2. Nf3 d6 3. c4 Nbd7 4. b3 e5 5. e3 c6 6. dxe5 dxe5 7. Bb2 Bb4+ 8. Bc3 a5 9. a3 Bxc3+ 10. Nxc3 Qe7 11. Be2 0-0 12. 0-0 g6 13. Qc2 Nc5 14. Qb2 e4 15. Nd4 Bg4 16. h3 Bxe2 17. Ncxe2 Rfd8 18. Qc3 Nd3 19. Rab1 c5 20. Nb5 a4 21. b4 Ne5 22. Rfd1 Rac8 23. Rxd8+ Rxd8 24. Qc2 Qe6 25. bxc5 Qxc4 26. Qxc4 Nxc4 27. Nec3 Rd3 28. Rc1 Kg7 29. Ra1 Nb2 30. Ra2 Nc4 31. Nxa4 Rd1+ 32. Kh2 Nd2 33. Nac3 Nf1+ 34. Kg1 Rc1 35. f3 Ng3+ 36. Kf2 Nfh5 0-1

[Event "Santiago Endesa 07"]
[Site "Santiago de Chile"]
[Date "2009.05.20"]
[Round "4"]
[White "Bombardiere Rosas, Eduardo"]
[Black "Gonzalez Rodriguez, Alejandro"]
[Result "0-1"]
[WhiteElo "2154"]
[BlackElo "2102"]
[PlyCount "84"]
[EventDate "2009.05.13"]
[EventType "tourn"]
[EventRounds "11"]
[EventCountry "CHI"]
[SourceTitle "EXT 2012"]
[Source "ChessBase"]
[SourceDate "2011.11.24"]
[SourceVersion "1"]
[SourceVersionDate "2011.11.24"]
[SourceQuality "1"]

1. d4 Nf6 2. g3 g6 3. Bg2 Bg7 4. Nd2 d5 5. Ngf3 0-0 6. 0-0 c6 7. c4 Bg4 8. cxd5 cxd5 9. Qb3 Qb6 10. h3 Bf5 11. g4 Be6 12. e3 Qxb3 13. Nxb3 Nc6 14. Nc5 Bc8 15. g5 Ne8 16. Rd1 Nd6 17. Nd2 e6 18. f4 Nb4 19. Nf1 b6 20. Nd3 Nxd3 21. Rxd3 Ba6 22. Rd1 Rac8 23. Bd2 Rfd8 24. Rdc1 Bd3 25. Rxc8 Rxc8 26. Rc1 Rc4 27. b3 Rxc1 28. Bxc1 Bb1 29. a4 Bc2 30. Ba3 Nf5 31. a5 bxa5 32. Bc5 a6 33. Bb6 Bxb3 34. Bxa5 Bc2 35. Kf2 Nd6 36. Nd2 Nb7 37. Bc3 a5 38. Bf1 a4 39. Nf3 Nd6 40. Ke1 Ne4 41. Bb4 Bf8 42. Bxf8 Kxf8 0-1

[Event "Santiago Endesa op 1st"]
[Site "Santiago de Chile"]
[Date "2009.05.14"]
[Round "8"]
[White "Marin Munoz, Roque"]
[Black "Bombardiere Rosas, Eduardo"]
[Result "0-1"]
[WhiteElo "2129"]
[BlackElo "2154"]
[PlyCount "94"]
[EventDate "2009.04.21"]
[EventType "swiss"]
[EventRounds "9"]
[EventCountry "CHI"]
[SourceTitle "EXT 2012"]
[Source "ChessBase"]
[SourceDate "2011.11.24"]
[SourceVersion "1"]
[SourceVersionDate "2011.11.24"]
[SourceQuality "1"]

1. d4 d5 2. c4 c6 3. cxd5 cxd5 4. Bf4 Nc6 5. e3 e6 6. Nc3 Nf6 7. Bd3 Bd6 8. Bxd6 Qxd6 9. f4 Bd7 10. Nf3 Rc8 11. Rc1 a6 12. Ne5 b5 13. 0-0 0-0 14. g4 b4 15. g5 Ne8 16. Na4 Nxe5 17. dxe5 Rxc1 18. Qxc1 Qb8 19. Nc5 Bb5 20. Nxa6 Bxa6 21. Bxa6 Qa7 22. Bd3 Qxa2 23. Qd2 Qa5 24. Rc1 g6 25. Rc6 Ng7 26. Qc1 Nf5 27. Ra6 Qd8 28. Bxf5 gxf5 29. Qc5 Qc8 30. Rc6 Qa8 31. Kf2 Qa1 32. Qxb4 Qh1 33. Ke2 d4 34. Rc2 Qe4 35. Qb3 dxe3 36. Qd3 Qxf4 37. Qxe3 Qxh2+ 38. Qf2 Qxe5+ 39. Kf1 Ra8 40. Rc1 Ra4 41. Rc3 Rf4 42. Rf3 Qb5+ 43. Kg2 Qd5 44. Kg3 Rxf3+ 45. Qxf3 Qxf3+ 46. Kxf3 e5 47. b4 Kf8 0-1

[Event "Santiago Endesa 02"]
[Site "Santiago de Chile"]
[Date "2009.03.30"]
[Round "7"]
[White "Gonzalez Rodriguez, Alejandro"]
[Black "Bombardiere Rosas, Eduardo"]
[Result "0-1"]
[WhiteElo "2050"]
[BlackElo "2280"]
[PlyCount "112"]
[EventDate "2009.03.16"]
[EventType "tourn"]
[EventRounds "11"]
[EventCountry "CHI"]
[SourceTitle "EXT 2012"]
[Source "ChessBase"]
[SourceDate "2011.11.24"]
[SourceVersion "1"]
[SourceVersionDate "2011.11.24"]
[SourceQuality "1"]

1. e4 c6 2. d4 d5 3. exd5 Qxd5 4. Nc3 Qd6 5. Be3 Nf6 6. h3 Bf5 7. Nf3 h6 8. Bd3 Bxd3 9. Qxd3 Nbd7 10. 0-0-0 e6 11. Nd2 b5 12. f4 Be7 13. g4 0-0-0 14. Nf3 Nd5 15. Ne5 Nxe5 16. dxe5 Qb4 17. a3 Qa5 18. Nxd5 Rxd5 19. Qb3 Rhd8 20. Rxd5 Rxd5 21. Rd1 Rxd1+ 22. Kxd1 Qd8+ 23. Ke2 a6 24. c4 Qa5 25. Bd2 Qb6 26. a4 b4 27. Qd3 b3 28. a5 Qb7 29. Qf3 Ba3 30. Bc3 Bc5 31. f5 Qd7 32. h4 Kc7 33. Qd3 exf5 34. gxf5 h5 35. Qxd7+ Kxd7 36. Kf3 Be7 37. Be1 Bd8 38. Ke4 Bc7 39. Bd2 Bd8 40. Be1 Bc7 41. Kd4 g6 42. fxg6 fxg6 43. Bc3 Ke6 44. Ke4 Bd8 45. Be1 Be7 46. Kf4 Bc5 47. Bc3 Bf2 48. Kg5 Kf7 49. e6+ Kxe6 50. Kxg6 Bxh4 51. Bd4 Bg3 52. Kxh5 Be5 53. Bxe5 Kxe5 54. Kg4 Kd4 55. c5 Kxc5 56. Kf5 Kb5 0-1

[Event "CHI-chT"]
[Site "Santiago de Chile"]
[Date "2008.11.27"]
[Round "7"]
[White "Perez Gormaz, Matias Ariel"]
[Black "Bombardiere Rosas, Eduardo"]
[Result "1-0"]
[WhiteElo "1844"]
[BlackElo "2202"]
[PlyCount "71"]
[EventDate "2008.11.04"]
[EventType "team-tourn"]
[EventRounds "9"]
[EventCountry "CHI"]
[SourceTitle "EXT 2012"]
[Source "ChessBase"]
[SourceDate "2011.11.24"]
[SourceVersion "1"]
[SourceVersionDate "2011.11.24"]
[SourceQuality "1"]

1. e4 e5 2. d4 exd4 3. Qxd4 Qf6 4. Qe3 Nc6 5. Nc3 Bb4 6. Bd2 Nge7 7. 0-0-0 0-0 8. Be2 Ba5 9. f4 d6 10. g4 Re8 11. h4 Nd4 12. g5 Nxe2+ 13. Qxe2 Qe6 14. f5 Qd7 15. Qf1 Bxc3 16. Bxc3 Qa4 17. Qg2 Nc6 18. g6 fxg6 19. fxg6 Qxe4 20. gxh7+ Qxh7 21. Nf3 Bf5 22. Rdg1 Re7 23. Ng5 Qh6 24. Kb1 Kh8 25. Rf1 Be6 26. Rhg1 Rg8 27. Qg3 Ne5 28. Nxe6 Rxe6 29. Rf5 g6 30. h5 Kh7 31. Bxe5 dxe5 32. Rf7+ Rg7 33. Rxg7+ Qxg7 34. Qh3 Qe7 35. hxg6+ Kg8 36. g7 1-0

[Event "CHI-chT"]
[Site "Santiago de Chile"]
[Date "2008.11.20"]
[Round "5"]
[White "Valenzuela Fuentealba, Luis"]
[Black "Bombardiere Rosas, Eduardo"]
[Result "1-0"]
[WhiteElo "2430"]
[BlackElo "2202"]
[PlyCount "89"]
[EventDate "2008.11.04"]
[EventType "team-tourn"]
[EventRounds "9"]
[EventCountry "CHI"]
[SourceTitle "EXT 2012"]
[Source "ChessBase"]
[SourceDate "2011.11.24"]
[SourceVersion "1"]
[SourceVersionDate "2011.11.24"]
[SourceQuality "1"]

1. d4 d5 2. c4 e6 3. Nf3 Nf6 4. Nc3 c6 5. e3 Nbd7 6. Qc2 Bd6 7. Bd3 0-0 8. 0-0 Re8 9. b3 Qe7 10. e4 dxe4 11. Nxe4 Nxe4 12. Bxe4 h6 13. Bb2 Nf6 14. Bd3 Ba3 15. Bxa3 Qxa3 16. c5 Rd8 17. Rfd1 Kf8 18. Be2 Bd7 19. Ne5 Qa5 20. b4 Qc7 21. a4 Be8 22. Bf3 Kg8 23. Rab1 a6 24. g3 Rab8 25. Nc4 Nd5 26. Rb3 Qe7 27. Be4 Nc7 28. Re3 Nd5 29. Bxd5 Rxd5 30. Nb6 Rdd8 31. Qe2 Qf6 32. Re5 Qg6 33. Nc4 Rd7 34. f4 Rdd8 35. Nd6 Bd7 36. Re3 Qf6 37. a5 Qg6 38. Rf1 Qf6 39. Re5 Bc8 40. Qe3 Qg6 41. f5 exf5 42. Re8+ Rxe8 43. Qxe8+ Kh7 44. Nxc8 f4 45. Rxf4 1-0

[Event "CHI-chT"]
[Site "Santiago de Chile"]
[Date "2008.11.04"]
[Round "1"]
[White "Merello Ramirez, Marcelo"]
[Black "Bombardiere Rosas, Eduardo"]
[Result "0-1"]
[WhiteElo "1903"]
[BlackElo "2202"]
[PlyCount "66"]
[EventDate "2008.11.04"]
[EventType "team-tourn"]
[EventRounds "9"]
[EventCountry "CHI"]
[SourceTitle "EXT 2012"]
[Source "ChessBase"]
[SourceDate "2011.11.24"]
[SourceVersion "1"]
[SourceVersionDate "2011.11.24"]
[SourceQuality "1"]

1. d4 c6 2. Nf3 d5 3. Bg5 Qb6 4. b3 Bf5 5. e3 Nd7 6. Bd3 Bg4 7. 0-0 Ngf6 8. Nbd2 e6 9. h3 Bh5 10. c4 Be7 11. Qc2 Bg6 12. Rfe1 a5 13. e4 dxe4 14. Nxe4 Bb4 15. c5 Qc7 16. Nd6+ Kf8 17. Red1 Nd5 18. Bxg6 hxg6 19. Bd2 b6 20. a3 Bxd2 21. Nxd2 Rh5 22. Rac1 Rd8 23. N2e4 b5 24. Rd3 N7f6 25. Rf3 Rd7 26. g4 Rh4 27. Ng5 Kg8 28. Ngxf7 Rxf7 29. Nxf7 Kxf7 30. Qe4 Rxh3 31. Re1 Qh2+ 32. Kf1 Qh1+ 33. Ke2 Nc3+ 0-1